000
003150000a22001450004500
001
000212
003
MACL
040
_a
MACL
090
_c
212
_d
212
100
_a
Dutt, Sunil K
245
_a
Shantiniketan
_b
Classic India
_c
Sunil K Dutt
260
_a
Rupa &Co,
_c
1998
650
_a
Indian History
942
_k
954
_c
Book
999
_c
49519
_d
49519